Tietz fundamentals of clinical chemistry and molecular diagnostics

A condensed, easier-to-understand student version of the acclaimed Tietz Textbook of Clinical Chemistry and Molecular Diagnostics, Tietz Fundamentals of Clinical Chemistry and Molecular Diagnostics, 7th Edition uses a laboratory perspective in providing the clinical chemistry fundamentals you need t...

全面介紹

Đã lưu trong:
書目詳細資料
主要作者: Burtis, Carl A.
格式: 圖書
語言:Undetermined
出版: Texas Elsever 2015
主題:
標簽: 添加標簽
沒有標簽, 成為第一個標記此記錄!
Thư viện lưu trữ: Trung tâm Học liệu Trường Đại học Cần Thơ
LEADER 01148nam a2200193Ia 4500
001 CTU_231410
008 210402s9999 xx 000 0 und d
082 |a 616.0756 
082 |b B973 
100 |a Burtis, Carl A. 
245 0 |a Tietz fundamentals of clinical chemistry and molecular diagnostics 
245 0 |c Carl A. Burtis, David E. Bruns ; contributing editor Barbara G. Sawyer 
260 |a Texas 
260 |b Elsever 
260 |c 2015 
520 |a A condensed, easier-to-understand student version of the acclaimed Tietz Textbook of Clinical Chemistry and Molecular Diagnostics, Tietz Fundamentals of Clinical Chemistry and Molecular Diagnostics, 7th Edition uses a laboratory perspective in providing the clinical chemistry fundamentals you need to work in a real-world, clinical lab. Coverage ranges from laboratory principles to analytical techniques and instrumentation, analytes, pathophysiology, and more. New content keeps you current with the latest developments in molecular diagnostics. 
650 |a Hóa học lâm sàng,Clinical chemistry 
910 |b dqhieu 
980 |a Trung tâm Học liệu Trường Đại học Cần Thơ